000
00243nam a2200097Ia 4500
001
687376
005
20250826161554.0
008
250824s9999 xx 000 0 und d
245
0
_a
VAY VAY SAMURAY
_c
JON SCİESZKA
260
_b
GÜNIŞIĞI YAYINLARI
999
_c
687376
_d
687376